[Event "URS-ch56"]
[Site "Odessa"]
[Date "1989.??.??"]
[Round "?"]
[White "Malaniuk, Vladimir P"]
[Black "Balashov, Yuri S"]
[Result "1/2-1/2"]
[WhiteElo "2560"]
[BlackElo "2535"]

1.d4 Nf6 2.c4 e6 3.Nc3 Bb4 4.f3 d5 5.a3 Bxc3+ 6.bxc3 c5 7.cxd5 Nxd5 8.dxc5 f5
9.e4 fxe4 10.Qc2 e3 11.Bd3 Nd7 12.Ne2 Nxc5 13.O-O Bd7 14.c4 Ba4 15.Qb2 Nf6
16.Bc2 Bxc2 17.Qxc2 O-O 18.Bxe3 Qc7 19.Bf2  1/2-1/2

[Event "URS-ch56"]
[Site "Odessa"]
[Date "1989.??.??"]
[Round "?"]
[White "Sokolov, Andrei"]
[Black "Oll, Lembit"]
[Result "1/2-1/2"]
[WhiteElo "2595"]
[BlackElo "2550"]

1.e4 e5 2.Nf3 Nf6 3.Nxe5 d6 4.Nf3 Nxe4 5.d4 d5 6.Bd3 Bd6 7.O-O O-O 8.c4 c6
9.Nc3 Nxc3 10.bxc3 dxc4 11.Bxc4 Bg4 12.Qd3 Nd7 13.Ng5 Nf6 14.h3 Bh5 15.f4 h6
16.g4 hxg5 17.fxg5 b5 18.Bb3 Nxg4 19.hxg4 Qd7 20.gxh5 Qg4+ 21.Kf2 Rae8 22.Rg1 Qh4+
23.Kg2 Qh2+ 24.Kf1 Bf4 25.Qf3 Re1+ 26.Kxe1 Qxg1+ 27.Ke2 Bxc1 28.Rxc1 Qxc1
29.g6 Re8+ 30.Kd3 Qb1+ 31.Kd2 Qe1+ 32.Kd3 Qb1+ 33.Kd2  1/2-1/2

[Event "URS-ch56"]
[Site "Odessa"]
[Date "1989.??.??"]
[Round "?"]
[White "Dolmatov, Sergey"]
[Black "Smirin, Ilia"]
[Result "1-0"]
[WhiteElo "2615"]
[BlackElo "2530"]

1.e4 c5 2.Nf3 d6 3.d4 cxd4 4.Nxd4 Nf6 5.Nc3 Nc6 6.Bg5 e6 7.Qd2 a6 8.Bf4 Bd7
9.Nxc6 Bxc6 10.f3 Qb6 11.O-O-O h6 12.Bc4 O-O-O 13.Be3 Qc7 14.Qf2 Nd7 15.Bb3 Nc5
16.Bd4 Rg8 17.Kb1 Be7 18.h4 h5 19.Rd2 g6 20.Rhd1 g5 21.hxg5 Rxg5 22.Bc4 Nd7
23.f4 Ra5 24.f5 Bxe4 25.fxe6 Qxc4 26.exd7+ Rxd7 27.b3 Qe6 28.Nxe4 Qxe4 29.Qxf7 Rg5
30.Bb6 Qc6 31.Qf2 Bd8 32.Be3 Rg4 33.Rd5 Qc3 34.R1d3 Qf6 35.Rf5 Qg6 36.Rc3+ Rc7
37.Rxc7+ Bxc7 38.Rf8+ Kd7 39.Bb6 Rxg2 40.Qf7+ Qxf7 41.Rxf7+ Kc6 42.Bxc7 h4
43.Rh7 h3 44.Kb2 h2  1-0